Statistics for Best Active NBA Point Guards

Click here to take the quiz!

General Stats

  • This quiz has been taken 245 times
  • The average score is 13 of 15

Answer Stats

RankPlayerTeamPPGAPGSPG% Correct
#1Stephen CurryGolden State Warriors30.06.502.17
100%
#2Russell WestbrookOklahoma City Thunder23.710.42.04
100%
#3Damian LillardPortland Trailblazers25.46.900.90
99%
#4John WallWashington Wizards19.910.21.89
98%
#5Chris PaulLos Angeles Clippers19.89.902.12
97%
#7Kyle LowryToronto Raptors21.56.502.11
94%
#9Kemba WalkerCharolette Hornets21.05.201.59
91%
#11Derrick RoseChicago Bulls16.84.800.66
89%
#6Isaiah ThomasBoston Celtics22.36.301.12
85%
#12Mike ConleyMemphis Grizzlies15.36.101.20
84%
#14Jrue HolidayNew Orleans Pelicans16.86.001.35
73%
#15Goran DragicMiami Heat13.75.901.02
70%
#8Rajon RondoSacramento Kings11.811.71.97
68%
#10Reggie JacksonDetroit Pistons18.56.200.28
68%
#13Ricky RubioMinnesota Timberwolves10.68.702.09
58%

Score Distribution

Percentile by Number Answered

Percent of People with Each Score

Your Score History

You have not taken this quiz